000 00590nam a22001817a 4500
999 _c8013
_d8013
003 AR-CdUCM
008 190322b ||||| |||| 00| 0 spa d
040 _aMUNICIPALIDAD PROVINCIAL DEL CUSCO
_cBIBLIOTECA MUNICIPAL DEL CUSCO
082 _a610.106 /
_bF65
100 _aFlores Lopez, Domingo
_922641
245 _aLa vida y la muerte /
260 _aLa Paz :
_bUniversidad Mayor de San Andrés,
_c1969.
300 _a131 páginas ;
_c18.5 cm.
505 _aEl cuerpo humano - Anatomía -- La vida -- La muerte ...
650 _aCuerpo humano
_918643
942 _2ddc
_cLIBROS
945 _aacv